Eight Dimensions of Wellness - Statistics

General Stats
  • This quiz has been taken 4 times
  • The average score is 4 of 8
Answer Stats
Answer % Correct
Spiritual
100%
Mental/Emotional
75%
Physical
75%
Social
75%
Environmental
25%
Financial
25%
Intellectual
25%
Occupational
25%
No matching quizzes found
Score Distribution
Percent of People with Each Score
Percentile by Number Answered
Your Score History
You have not taken this quiz